000 nam a22 7a 4500
999 _c8237
_d8237
008 171212b xxu||||| |||| 00| 0 eng d
100 _94661
_aTWAIN.M
245 _aHUCKLEBERRY FINN
260 _aNEW DELHI
_bHAR ANAND
_c2017